000 00910nam a2200277Ia 4500
003 OSt
005 20221005062141.0
006 a|||||r|||| 00| 0
007 ta
008 221004b |||||||| |||| 00| 0 eng d
020 _a9781138646810 (hbk)
_cUKP 105.00
024 _a41444
037 _bBBS/21, 21/01/2019, Better Book Service
_cTextual
040 _aCRL
_cCRL
_beng
041 _2eng
_aeng
082 _aX:77.6, Q9
100 _aWamboye Evelyn F. Ed.
_9601491
245 0 _aService sector and economic development in Africa
260 _aLondon
_bRoutledge UK
_c2019
300 _aix,282p.
_ccm.
490 _aRoutledge studies in development economics
650 _aECONOMICS
700 _a Nyaronga Peter J. Ed.
_9601492
942 _hX:77.6, Q9
_cTEXL
_2cc
999 _c969255
_d969255